000 005870000a22001810004500
003 MACL
005 20160514133300.0
008 160514b xxu||||| |||| 00| 0 eng d
040 _aMACL
_cMACL
041 _aHindi
082 _a891.433
100 _aअग्रवाल, प्रमोद कुमार
_944972
245 _aयूकेलिप्‍टस
_cप्रमोद कुमार अग्रवाल
260 _bग्रंथ अकादेमी
_c2000
_aदिल्‍ली
350 _a150
650 _aStories
_957058
942 _cHIN
_k800/AGR/S
_2ddc
999 _c9366
_d9366